000 00802nam a2200229 a 4500
001 000566788
003 AM-YeHGA
005 20250618073317.0
008 080212s1833 it r 000 0 arm d
040 _aAM-YeHGA
041 0 _aarm
100 0 _aՀովհաննես Օձնեցի,
_d699-VII դ.
_93957
245 1 0 _aՅովհաննու Իմաստասիրի Աւձնեցւոյ Մատենագրութիւնք /
_cՅովհաննու Իմաստասեր Աւձնեցւոյ.
260 _aՎենետիկ :
_bտպ. Ս. Ղազար,
_c1833.
300 _a194 էջ :
_bնկ. ;
_c22,5 սմ.
440 0 _aՄատենագրութիւնք նախնեաց
_94493
500 _aՇարվ. 17,5x9 սմ
546 _aԳրաբար
650 1 4 _aՄատենագրություն
942 _2udc
_cBK
090 _c224888
999 _c223353
_d223353